Lucifer(ലൂസിഫർ) (Record no. 115313)

MARC details
000 -LEADER
fixed length control field 00409 a2200157 4500
005 - DATE AND TIME OF LATEST TRANSACTION
control field 20260327124037.0
008 - FIXED-LENGTH DATA ELEMENTS--GENERAL INFORMATION
fixed length control field 260316b |||||||| |||| 00| 0 eng d
020 ## - INTERNATIONAL STANDARD BOOK NUMBER
International Standard Book Number 9789364878784
080 ## - UNIVERSAL DECIMAL CLASSIFICATION NUMBER
Universal Decimal Classification number 791.632=M
Item number MUR/L
100 ## - MAIN ENTRY--PERSONAL NAME
Personal name Murali Gopy
245 ## - TITLE STATEMENT
Title Lucifer(ലൂസിഫർ)
260 ## - PUBLICATION, DISTRIBUTION, ETC. (IMPRINT)
Name of publisher, distributor, etc D C books.
Place of publication, distribution, etc Kottayam.
Date of publication, distribution, etc 2025.
300 ## - PHYSICAL DESCRIPTION
Extent 175p.
653 ## - INDEX TERM--UNCONTROLLED
Uncontrolled term Screen Play-Malayalam Literature
942 ## - ADDED ENTRY ELEMENTS (KOHA)
item type Books
Holdings
Lost status Source of classification or shelving scheme Not for loan Home library Current library Date acquired Cost, normal purchase price Total Checkouts Full call number Barcode Date last seen Cost, replacement price Price effective from Koha item type Public note
  Universal Decimal Classification Not For Loan University Library University Library 02/03/2026 146.67   791.632=M MUR/L 00097395 02/03/2026 220.00 02/03/2026 Books processing
University Library, CUSAT